000 00731cam a22002533a 4500
001 30276
003 PGUSA
005 20140828083644.0
008 091017s2009||||xxu|||||s|||||000 p eng d
040 _aPGUSA
_beng
042 _adc
050 4 _aPR
100 1 _aH. D.
_q(Hilda Doolittle),
_d1886-1961
245 1 0 _aSome Imagist Poets :
_bAn Anthology
_h[electronic resource] /
_cH. D.
260 _bProject Gutenberg,
_c2009
506 _aPublic domain in the USA.
516 _aElectronic text
653 _aAmerican poetry -- 20th century
653 _aImagist poetry
653 _aEnglish poetry -- 20th century
830 0 _aProject Gutenberg
_v30276
856 4 0 _uhttp://www.gutenberg.org/ebooks/30276
942 _cEB
999 _c259531
_d259531